000 01872nam a2200421Ia 4500
001 dia_5693
003 CHAP
005 20251201133905.0
007 ta
008 220117s2007 mx abdofr 001 0 spa d
040 _cCHAP
_amxchpua
090 _aT.C.440
_bB66 IAI
_c2007
245 1 0 _aReporte de viaje de estudios realizado en el estado de Sinaloa /
_ccoordinador Víctor Bolaños Hernández ; colaboradores Rosalva Alcántara Bernal...[et al.]
260 _aMéxico :
_bEl autor,
_c2007
300 _a89 hojas :
_bilustraciones, mapas, gráficas, diagramas, tablas, fotos
336 _2rdacontent
_atexto
_btxt
337 _2rdamedia
_asin medio
_bn
338 _2rdacarrier
_avolumen
_bnc
500 _a5° año Grupo 3 Incluye direcciones de cada empresa.
502 _aViaje de Estudios
_b(IAI) --
_cUACh. Departamento de Ingeniería Agroindustrial,
_c2007
504 _aIncluye bibliografías
505 _tEmpresas visitadas: -- 1. Cervecería Pacífico -- 2. Bonatún, S. A. de C. V. -- 3. Prodomex, S, A, de C. V. -- 4. La Costeña -- 5. Jova Granos -- 6. Fondo de Aseguramiento Agrícola Sinaloa, A. C. (papa) -- 7. Del Fuerte
650 1 3 _aIndustria cervecera
_9159053
_zMéxico
_zSinaloa
650 1 3 _aIndustria de los alimentos
_9152789
_zMéxico
_zSinaloa
650 1 3 _aIndustrias agrícolas
_9152908
_zMéxico
_zSinaloa
650 1 3 _aAgricultural industry
_9152904
_zMexico
_zSinaloa
650 1 3 _aBrewing industry
_9159052
_zMexico
_zSinaloa
650 1 3 _aFood industry
_9152788
_zMexico
_zSinaloa
700 1 _aBolaños Hernández, Víctor Darwin
_9148782
_ecoordinador
700 1 _aAlcántara Bernal, Rosalva
_ecolaboradora
_93605
901 _aT.C.440 B66 IAI 2007
902 _aM
905 _a5232272007 mx dmnb8223123322spa16
942 _2local
942 _cVE
999 _c176533
_d176533